[Event "Fast Game"]
[Site "www.echecsemail.com"]
[Date "2017.03.12"]
[Round "1"]
[White "Cal"]
[Black "Mechjoura"]
[WhiteElo "1680"]
[BlackElo "1599"]
[Result "1-0"]
[Round "1"]
1.c4 e5
2.e4 Nb8c6
3.a3 Bf8c5
4.Ng1f3 Ng8f6
5.h3 b6
6.Nb1c3 Bc8b7
7.d3 Nc6d4
8.Nf3xe5 d6
9.Ne5f3 Nd4e6
10.Bf1e2 h6
11.b3 g5
12.g4 Ne6d4
13.Bc1e3 Nd4xf3
14.Be2xf3 Bc5xe3
15.fxe3  { time }
1-0

[Event "Fast Game"]
[Site "www.echecsemail.com"]
[Date "2017.03.12"]
[Round "1"]
[White "Mechjoura"]
[Black "Claudia"]
[WhiteElo "1599"]
[BlackElo "1770"]
[Result "0-1"]
[Round "1"]
1.d4 d5
2.Nb1c3 Ng8f6
3.Bc1f4 e6
4.Nc3b5 Nb8a6
5.e3 c6
6.Nb5c3 Bf8d6
7.Ng1e2 O-O
 { time }
0-1

[Event "Tourn. n9207"]
[Site "www.chess-mail.com"]
[Date "2017.03.13"]
[Round "1"]
[White "Genius9"]
[Black "Albertf"]
[WhiteElo "1720"]
[BlackElo "1790"]
[Result "0-1"]
[Round "1"]
1.d4 d5
2.Bc1f4 e6
3.e3 Nb8d7
4.Ng1f3 c6
5.Nb1d2 Ng8f6
6.Bf1d3 Bf8e7
7.c4 dxc4
8.Nd2xc4 O-O
9.O-O Nf6d5
10.Bf4g3 Nd7b6
11.Nc4xb6 axb6
12.a3 c5
13.dxc5 bxc5
14.Bd3c4 Nd5b6
15.Qd1e2 Nb6xc4
16.Qe2xc4 b6
17.Rf1d1 Qd8e8
18.Ra1c1 Bc8a6
19.Qc4e4 Ra8d8
20.h3 Be7f6
21.b4 { time. }
0-1

[Event "Tourn. n9228"]
[Site "www.chess-mail.com"]
[Date "2017.03.13"]
[Round "1"]
[White "Nulladies"]
[Black "Albertf"]
[WhiteElo "1760"]
[BlackElo "1770"]
[Result "1-0"]
[Round "1"]
1.d4 d5
2.Bc1f4 Ng8f6
3.Ng1f3 Nb8d7
4.e3 e6
5.Nb1d2 c6
6.c4 dxc4
7.Bf1xc4 Bf8b4
8.a3 Bb4xd2
9.Nf3xd2 O-O
10.O-O Nd7b6
11.Bc4d3 Nb6d5
12.Bf4g3 Rf8e8
13.Bg3h4 e5
14.dxe5 Re8xe5
15.Nd2f3 Bc8g4
16.h3 Bg4xf3
17.Qd1xf3 Qd8d7
18.e4 Nd5b6
19.Bh4xf6 gxf6
20.Ra1d1 Qd7e6
21.Qf3g3 Re5g5
22.Qg3f4 Kh8
23.Qf4f3 Ra8g8
24.g4 h5
25.Bd3e2 hxg4
26.hxg4 Nb6d7
27.Qf3h1 Kg7
28.b4 Nd7e5
29.f4 Ne5xg4
30.fxg5 { resign }
1-0

[Event "Tourn. n9189"]
[Site "www.chess-mail.com"]
[Date "2017.03.13"]
[Round "1"]
[White "Nulladies"]
[Black "Picifarkinca"]
[WhiteElo "1740"]
[BlackElo "1790"]
[Result "1-0"]
[Round "1"]
1.d4 d5
2.Bc1f4 e6
3.Ng1f3 Bf8b4
4.c3 Bb4d6
5.Nf3e5 Qd8f6
6.e3 Ng8e7
7.Ne5g4 Qf6g6
8.Bf1d3 f5
9.Ng4e5 Bd6xe5
10.Bf4xe5 c6
11.O-O Nb8d7
12.Be5f4 Nd7f6
13.Nb1d2 O-O
14.c4 Nf6e4
15.Nd2xe4 fxe4
16.Bd3e2 Bc8d7
17.Be2h5 Qg6f5
18.Bh5g4 Qf5f7
19.c5 Ne7f5
20.Bg4h5 g6
21.Bh5g4 Nf5g7
22.Bf4d6 Ng7f5
23.Bd6xf8 Qf7xf8
24.Qd1b3 Ra8b8
25.f3 Qf8h6
26.f4 Qh6h4
27.Bg4xf5 exf5
28.Qb3d1 b6
29.Qd1e1 Qh4d8
30.b4 b5
31.a3 { resign }
1-0

[Event "Tourn. n9231"]
[Site "www.chess-mail.com"]
[Date "2017.03.13"]
[Round "1"]
[White "Julian"]
[Black "Picifarkinca"]
[WhiteElo "1930"]
[BlackElo "1820"]
[Result "1-0"]
[Round "1"]
1.e4 e5
2.Ng1f3 Ng8f6
3.d4 Nf6xe4
4.dxe5 d5
5.Bf1d3 Ne4c5
6.Bd3e2 Nb8c6
7.O-O Bf8e7
8.Nb1c3 Bc8e6
9.Rf1e1 O-O
10.Bc1e3 f6
11.exf6 Rf8xf6
12.Nf3d4 Nc6e5
13.Nd4xe6 Nc5xe6
14.Nc3xd5 Rf6f8
15.Nd5xe7 Qd8xe7
16.Qd1d5 Ne5f7
17.Be2c4 { resign }
1-0

[Event "Tourn. n9191"]
[Site "www.chess-mail.com"]
[Date "2017.03.13"]
[Round "1"]
[White "Balbyns"]
[Black "Genius9"]
[WhiteElo "1519"]
[BlackElo "1620"]
[Result "1-0"]
[Round "1"]
1.e4 e5
2.Ng1f3 d6
3.d4 exd4
4.Nf3xd4 Ng8f6
5.Nb1c3 Bf8e7
6.Bf1c4 O-O
7.O-O c6
8.h3 Nb8d7
9.Bc1f4 Nd7b6
10.Bc4b3 a6
11.Rf1e1 Rf8e8
12.a3 d5
13.exd5 cxd5
14.Qd1d2 Nb6c4
15.Bb3xc4 dxc4
16.Ra1d1 Bc8d7
17.Bf4g5 h6
18.Bg5xf6 Be7xf6
19.Nd4f3 Bd7c6
20.Re1xe8 Qd8xe8
21.Qd2f4 Bf6xc3
22.bxc3 b5
23.Nf3e5 Bc6b7
24.Qf4xf7 Qe8xf7
25.Ne5xf7 Kxf7
26.Rd1d7 Kg8
27.Rd7xb7 Kf8
28.Rb7b6 Kf7
29.f4 g6
30.Kf2 Ra8a7
31.g4 h5
32.gxh5 gxh5
33.Kf3 Kg7
34.f5 Kh7
{ time. }
1-0

[Event "Tourn. n9267"]
[Site "www.chess-mail.com"]
[Date "2017.03.13"]
[Round "1"]
[White "Chessghuttlu"]
[Black "Hansen"]
[WhiteElo "1449"]
[BlackElo "1610"]
[Result "0-1"]
[Round "1"]
1.d4 e6
2.c4 Nb8c6
3.a3 g6
4.Ng1f3 h6
5.e4 Ng8f6
6.Nb1c3 g5
7.d5 exd5
8.cxd5 Nc6e7
9.Bf1c4 d6
 { time }
0-1

[Event "Tourn. n9183"]
[Site "www.chess-mail.com"]
[Date "2017.03.13"]
[Round "1"]
[White "Genius9"]
[Black "Lucaschess"]
[WhiteElo "1620"]
[BlackElo "1499"]
[Result "0-1"]
[Round "1"]
1.e4 e5
2.Bf1c4 Ng8f6
3.d3 c6
4.Ng1f3 d6
5.O-O Bf8e7
6.Nb1c3 O-O
7.h3 Rf8e8
8.Rf1e1 Be7f8
9.a3 d5
10.exd5 cxd5
11.Bc4b3 Nb8c6
12.Bb3a4 d4
13.Nc3e4 Nf6d7
14.Ba4xc6 bxc6
15.c3 c5
16.cxd4 cxd4
17.b4 a5
18.Bc1d2 axb4
19.axb4 { time. }
0-1

[Event "Tourn. n9212"]
[Site "www.chess-mail.com"]
[Date "2017.03.13"]
[Round "1"]
[White "Genius9"]
[Black "Cal"]
[WhiteElo "1720"]
[BlackElo "1640"]
[Result "0-1"]
[Round "1"]
1.e4 e5
2.Ng1f3 d6
3.d4 exd4
4.Nf3xd4 c5
5.Nd4f3 a6
6.c4 Nb8c6
7.Nb1c3 h6
8.Bf1e2 Ng8f6
9.Be2d3 Bf8e7
10.O-O Bc8g4
11.h3 Bg4xf3
12.Qd1xf3 O-O
13.Bc1f4 Nc6d4
14.Qf3d1 Qd8d7
15.Nc3d5 Nf6xd5
16.exd5 f5
17.Bf4e3 f4
18.Be3xd4 cxd4
19.Qd1h5 Rf8f6
20.Rf1e1 Ra8f8
21.f3 b5
22.cxb5 axb5
23.Re1e4 { time. }
0-1

[Event "Tourn. n9163"]
[Site "www.chess-mail.com"]
[Date "2017.03.13"]
[Round "1"]
[White "Genius9"]
[Black "Cal"]
[WhiteElo "1610"]
[BlackElo "1480"]
[Result "0-1"]
[Round "1"]
1.c4 e5
2.Nb1c3 Ng8f6
3.g3 a6
4.Bf1g2 d6
5.d3 Nb8c6
6.Ng1f3 h6
7.O-O Bf8e7
8.h3 Bc8e6
9.a3 b5
10.cxb5 Nc6a5
11.b4 Na5b7
12.bxa6 Ra8xa6
13.Bc1b2 c5
14.b5 Ra6a5
15.a4 d5
16.Nf3xe5 O-O
17.e3 Nb7d6
18.Ne5c6 Ra5a8
19.Qd1e2 Qd8c7
20.Rf1d1 Be7d8
21.Bb2a3 Nd6f5
22.Ba3xc5 Rf8e8
23.Nc6d4 Nf5xd4
24.exd4 Be6xh3
25.Qe2d2 Bh3g4
26.Rd1e1 Re8xe1
27.Qd2xe1 h5
28.Nc3xd5 Nf6xd5
29.Bg2xd5 Ra8a5
30.Qe1e4 Bd8g5
31.b6 Qc7d7
32.Ra1e1 Ra5xa4
33.Qe4e5 Bg5d2
34.Re1b1 { time. }
0-1

[Event "Tourn. n9254"]
[Site "www.chess-mail.com"]
[Date "2017.03.13"]
[Round "1"]
[White "Omaciej"]
[Black "Chessghuttlu"]
[WhiteElo "1319"]
[BlackElo "1449"]
[Result "1-0"]
[Round "1"]
1.e4 c5
2.Ng1f3 Nb8c6
3.d4 cxd4
4.Nf3xd4 Ng8f6
5.Nb1c3 e5
6.Nd4b5 d6
7.Bc1g5 Bf8e7
8.a4 a6
9.Nb5a3 O-O
10.Bf1c4  { time }
1-0

[Event "Tourn. n9273"]
[Site "www.chess-mail.com"]
[Date "2017.03.13"]
[Round "1"]
[White "Sozaro"]
[Black "Pachi"]
[WhiteElo "1699"]
[BlackElo "1560"]
[Result "1-0"]
[Round "1"]
1.e4 e5
2.Ng1f3 d6
3.d4 f6
4.Bf1c4 b6
5.Bc1e3 c6
6.O-O d5
7.exd5 cxd5
8.Bc4b3 Bc8g4
9.h3 Bg4xf3
10.Qd1xf3 Ng8e7
11.dxe5 fxe5
12.Nb1c3 e4
13.Qf3h5 g6
14.Qh5e5 Rh8g8
15.Nc3xd5 Bf8g7
16.Nd5c7 Kf8
17.Qe5e6 { resign }
1-0

[Event "Tourn. n9183"]
[Site "www.chess-mail.com"]
[Date "2017.03.13"]
[Round "1"]
[White "Azulmarino"]
[Black "Genius9"]
[WhiteElo "1480"]
[BlackElo "1620"]
[Result "1-0"]
[Round "1"]
1.e4 c5
2.c4 Nb8c6
3.a3 d6
4.Ng1f3 e5
5.Bf1e2 Ng8f6
6.Nb1c3 Bf8e7
7.h3 Nc6d4
8.Nf3xd4 cxd4
9.Nc3a4 O-O
10.d3 Bc8d7
11.Bc1g5 Bd7xa4
12.b3 Ba4c6
13.Be2g4 Nf6xg4
14.Bg5xe7 Qd8xe7
15.hxg4 Qe7f6
16.f3 Qf6f4
17.Rh1h3 Qf4e3
18.Kf1 g6
19.Qd1e1 Qe3xe1
20.Ra1xe1 b5
21.Kf2 a6
{ time. }
1-0

[Event "Tourn. n9189"]
[Site "www.chess-mail.com"]
[Date "2017.03.13"]
[Round "1"]
[White "Genius9"]
[Black "Albertf"]
[WhiteElo "1720"]
[BlackElo "1810"]
[Result "0-1"]
[Round "1"]
1.d4 d5
2.c4 e6
3.Nb1c3 dxc4
4.e4 c6
5.Bf1xc4 Bf8b4
6.Ng1e2 Ng8f6
7.O-O O-O
8.Qd1c2 b5
9.Bc4d3 c5
10.dxc5 Bb4xc5
11.Nc3xb5 Bc5b6
12.Bc1g5 Nb8d7
13.Nb5d6 Qd8c7
14.Qc2xc7 Bb6xc7
15.Nd6xc8 Rf8xc8
16.Ra1c1 Bc7b6
17.Ne2c3 Rc8c7
18.a3 h6
19.Bg5f4 e5
20.Bf4g3 Bb6d4
21.Rf1d1 Ra8b8
22.h3 Rb8xb2
23.Nc3d5 { time. }
0-1

[Event "Tourn. n9137"]
[Site "www.chess-mail.com"]
[Date "2017.03.13"]
[Round "1"]
[White "Genius3"]
[Black "Pappilova"]
[WhiteElo "1870"]
[BlackElo "1970"]
[Result "0-1"]
[Round "1"]
1.d4 d5
2.Bc1f4 Nb8c6
3.e3 f6
4.Bf1b5 Bc8d7
5.Nb1c3 a6
6.Bb5xc6 Bd7xc6
7.Ng1f3 g5
8.Bf4g3 Bf8g7
9.Qd1d2 Qd8d7
10.h3 O-O-O
11.O-O-O h5
12.Rh1e1 Bg7h6
13.Kb1 g4
14.hxg4 hxg4
15.Nf3h4 Rd8e8
16.Qd2d3 e5
17.dxe5 fxe5
18.Nc3xd5 Qd7e6
19.e4 Re8d8
20.c4 Ng8f6
21.Nh4f5 Bh6f8
22.Qd3e3 Nf6d7
23.Re1h1 Bf8c5
24.a3 Bc5xe3
25.Nf5xe3 Nd7f6
26.Nd5xf6 Rh8xh1
27.Rd1xh1 Qe6xf6
{ resign }
0-1

[Event "Tourn. n9254"]
[Site "www.chess-mail.com"]
[Date "2017.03.13"]
[Round "1"]
[White "Azulmarino"]
[Black "Chessghuttlu"]
[WhiteElo "1460"]
[BlackElo "1449"]
[Result "1-0"]
[Round "1"]
1.e4 c5
2.c4 d6
3.Ng1f3 Nb8c6
4.d4 cxd4
5.Nf3xd4 Ng8f6
6.Nb1c3 e5
7.Nd4f3 a6
8.Bc1g5 Bf8e7
9.Bf1e2 O-O
10.h3 Bc8e6
11.O-O  { time }
1-0

[Event "Tourn. n9100"]
[Site "www.chess-mail.com"]
[Date "2017.03.13"]
[Round "1"]
[White "Ditto"]
[Black "Julian"]
[WhiteElo "1840"]
[BlackElo "1880"]
[Result "0-1"]
[Round "1"]
1.e4 c5
2.Nb1c3 Nb8c6
3.Bf1b5 Nc6d4
4.Bb5c4 e6
5.d3 d6
6.Ng1f3 Ng8f6
7.Bc1g5 Bf8e7
8.O-O O-O
9.Nc3b1 Bc8d7
10.Nb1c3 a6
11.a4 Ra8b8
12.Rf1e1 b5
13.axb5 axb5
14.Bc4a2 b4
15.Nc3e2 e5
16.b3 Nd4xf3
17.gxf3 Bd7h3
18.Ne2g3 h6
19.Bg5e3 d5
20.f4 exf4
21.Be3xf4 Rb8a8
22.e5 Nf6g4
23.Qd1c1 Be7g5
24.Bf4xg5 hxg5
25.Qc1b2 d4
26.Re1e2 Qd8d5
27.Re2e4 Ng4xe5
28.Kh1 f5
29.Ng3xf5 Rf8xf5
30.Kg1 { time. }
0-1

[Event "Tourn. n9101"]
[Site "www.chess-mail.com"]
[Date "2017.03.13"]
[Round "1"]
[White "Ditto"]
[Black "Julian"]
[WhiteElo "1840"]
[BlackElo "1880"]
[Result "0-1"]
[Round "1"]
1.e4 c5
2.Nb1c3 Nb8c6
3.Ng1f3 d6
4.Bf1b5 Bc8d7
5.d3 Nc6d4
6.Nf3xd4 cxd4
7.Bb5xd7 Qd8xd7
8.Nc3e2 e5
9.O-O Ng8f6
10.Bc1g5 Bf8e7
11.Ne2g3 O-O
12.Ng3f5 Be7d8
13.Qd1f3 h6
14.Bg5d2 Kh7
15.Qf3g3 Rf8g8
16.Qg3h3 Rg8h8
17.f4 Kg8
18.fxe5 dxe5
19.Qh3g3 Nf6h5
20.Qg3g4 Qd7xf5
21.Rf1xf5 Nh5f6
22.Qg4g3 Kh7
23.Qg3xe5 Rh8e8
24.Qe5xd4 Bd8b6
25.Rf5c5 Ra8d8
26.Qd4c4 Bb6xc5
27.Qc4xc5 Rd8c8
28.Qc5f5 Kg8
29.Bd2c3 Rc8c6
30.Qf5d7 { time. }
0-1

[Event "Tourn. n9226"]
[Site "www.chess-mail.com"]
[Date "2017.03.13"]
[Round "1"]
[White "Pdebonis"]
[Black "Ozana"]
[WhiteElo "2430"]
[BlackElo "2420"]
[Result "1-0"]
[Round "1"]
1.d4 f5
2.g3 Ng8f6
3.Bf1g2 d5
4.Ng1f3 e6
5.O-O Bf8d6
6.c4 O-O
7.Nb1c3 c6
8.Qd1c2 Nf6e4
9.Ra1b1 a5
10.c5 Bd6c7
11.Bc1f4 Bc7xf4
12.gxf4 Rf8f6
13.e3 Ne4xc3
{ time. }
1-0

[Event "Tourn. n9226"]
[Site "www.chess-mail.com"]
[Date "2017.03.13"]
[Round "1"]
[White "Ozana"]
[Black "Greghghs"]
[WhiteElo "2420"]
[BlackElo "2470"]
[Result "0-1"]
[Round "1"]
1.f4 d5
2.Ng1f3 Ng8f6
3.e3 g6
4.Bf1e2 Bf8g7
5.O-O O-O
6.d4 c5
7.dxc5 Nb8d7
8.c4 Nd7xc5
9.Nb1c3 dxc4
10.Be2xc4 Bc8f5
11.Qd1xd8 { time. }
0-1

[Event "Match"]
[Site "www.echecsemail.com"]
[Date "2017.03.13"]
[Round "1"]
[White "Genius9"]
[Black "Biggles"]
[WhiteElo "1610"]
[BlackElo "2170"]
[Result "0-1"]
[Round "1"]
1.c4 e5
2.Nb1c3 Ng8f6
3.g3 Bf8c5
4.Bf1g2 O-O
5.e3 c6
6.Ng1e2 d5
7.cxd5 cxd5
8.d4 exd4
9.Ne2xd4 Bc8g4
10.Bg2f3 Bg4xf3
11.Nd4xf3 Nb8c6
12.O-O Rf8e8
13.b3 Qd8d7
14.Bc1b2 Nc6e5
15.Nf3xe5 Re8xe5
16.Nc3e2 Re5h5
17.Ne2f4 Rh5h6
18.Bb2xf6 Rh6xf6
19.Nf4xd5 Rf6d6
20.e4 Ra8e8
21.Qd1f3 Rd6h6
22.Rf1e1 Rh6e6
23.Ra1d1 Qd7c6
24.Qf3d3 h5
25.Qd3c4 h4
26.Rd1c1 hxg3
27.hxg3 Re8c8
28.Qc4d3 Qc6e8
29.Kg2 Bc5b6
30.Nd5xb6 Re6xb6
31.Rc1xc8 Qe8xc8
32.Re1d1 Rb6c6
33.Qd3d8 Kh7
34.Rd1h1 Kg6
35.Qd8xc8 Rc6xc8
36.Rh1a1 b5
37.a4 b4
38.Ra1d1 Rc8c3
39.Rd1b1 a5
40.g4 Kg5
41.f3 { time. }
0-1

[Event "Match"]
[Site "www.echecsemail.com"]
[Date "2017.03.13"]
[Round "1"]
[White "Ditto"]
[Black "Orae"]
[WhiteElo "1830"]
[BlackElo "1710"]
[Result "0-1"]
[Round "1"]
1.e4 e5
2.Ng1f3 Nb8c6
3.Bf1c4 h6
4.d3 Ng8f6
5.Bc1e3 Bf8b4
6.c3 Bb4a5
7.O-O d6
8.Nb1d2 Bc8g4
9.Qd1b3 O-O
10.Qb3xb7 Qd8d7
11.Bc4b5 Rf8b8
12.Qb7xc6 Rb8xb5
13.Qc6xa8 Kh7
14.Qa8xa7 Bg4xf3
15.Nd2xf3 Ba5b6
16.Qa7a4 c6
17.Be3xb6 Rb5xb6
18.Ra1b1 Qd7b7
19.Qa4a3 c5
20.Qa3a4 Rb6a6
21.Qa4c4 Qb7a7
22.a3 Ra6a4
23.Qc4b3 Ra4a6
24.Nf3d2 Ra6b6
25.Qb3d1 g5
26.Qd1f3 d5
27.Qf3f5 Kg7
28.Qf5xe5 Rb6e6
29.Qe5f5 Nf6h5
30.exd5 Re6f6
31.Qf5e5 Qa7a6
32.Nd2e4 Kg6
33.Ne4xf6 Nh5xf6
34.c4 Nf6g4
35.Qe5e4 Kh5
36.f3 { time. }
0-1

[Event "Match"]
[Site "www.echecsemail.com"]
[Date "2017.03.13"]
[Round "1"]
[White "Karlgrocer"]
[Black "Genius9"]
[WhiteElo "2090"]
[BlackElo "1610"]
[Result "1-0"]
[Round "1"]
1.Ng1f3 d5
2.d4 c6
3.e3 Bc8f5
4.Bf1e2 e6
5.O-O Ng8f6
6.a3 Nb8d7
7.Nb1d2 c5
8.dxc5 Bf8xc5
9.b4 Bc5e7
10.Bc1b2 O-O
11.Nd2b3 Ra8c8
12.Ra1c1 Nd7b6
13.Nb3d4 Bf5g6
14.Nf3e5 Nb6c4
15.Ne5xg6 hxg6
16.Be2xc4 dxc4
17.c3 a6
18.Qd1e2 b5
19.Rf1d1 Qd8c7
20.Qe2f3 Rf8d8
21.Nd4c2 Rd8xd1
22.Rc1xd1 Nf6d5
23.e4 Nd5b6
24.g3 Be7f6
25.Nc2d4 Rc8d8
26.Qf3e3 e5
27.Kg2 exd4
28.cxd4 Nb6a4
{ time. }
1-0

[Event "Match"]
[Site "www.echecsemail.com"]
[Date "2017.03.13"]
[Round "1"]
[White "Azulmarino"]
[Black "Chessghuttlu"]
[WhiteElo "1460"]
[BlackElo "1449"]
[Result "1-0"]
[Round "1"]
1.e4 c5
2.d4 cxd4
3.Qd1xd4 Nb8c6
4.Qd4d1 d6
5.Nb1c3 Ng8f6
6.Bf1c4 Bc8g4
7.Bc4e2 Bg4xe2
8.Qd1xe2 e5
9.Bc1g5 Bf8e7
10.Qe2e3  { time }
1-0

[Event "Match"]
[Site "www.echecsemail.com"]
[Date "2017.03.13"]
[Round "1"]
[White "Griffo30"]
[Black "Cal"]
[WhiteElo "1499"]
[BlackElo "1560"]
[Result "1-0"]
[Round "1"]
1.d4 d5
2.c4 dxc4
3.e3 b5
4.a4 e6
5.axb5 Bc8b7
6.Ng1f3 h6
7.Bf1xc4 Bf8b4
8.Nb1c3 Nb8d7
9.O-O Bb4xc3
10.bxc3 Ng8f6
11.Bc1a3 c6
12.Qd1a4 Nd7b6
13.Qa4b4 Qd8d7
14.Nf3e5 Qd7c7
15.bxc6 Ra8d8
16.cxb7 Qc7xb7
17.Bc4b5 Nf6d7
18.Qb4e7 { resign }
1-0

[Event "Match"]
[Site "www.echecsemail.com"]
[Date "2017.03.13"]
[Round "1"]
[White "Genius9"]
[Black "Pariolinius"]
[WhiteElo "1610"]
[BlackElo "1900"]
[Result "0-1"]
[Round "1"]
1.d4 d5
2.Bc1f4 Ng8f6
3.e3 Bc8f5
4.Bf1d3 Bf5g4
5.Ng1f3 e6
6.h3 Bg4h5
7.Nb1d2 Bf8e7
8.Bd3e2 O-O
9.Nf3e5 Bh5xe2
10.Qd1xe2 Nb8d7
11.O-O c6
12.Nd2f3 Nf6h5
13.Bf4h2 Nd7f6
14.g4 Nf6xg4
15.hxg4 Nh5f6
16.g5 Nf6e4
17.c4 Ne4xg5
18.Nf3xg5 Be7xg5
19.Kh1 f6
20.Ne5f3 Bg5h6
21.b3 Qd8d7
22.Rf1g1 Kh8
23.Rg1g2 Rf8g8
24.Ra1g1 g6
25.cxd5 exd5
26.Qe2d3 Rg8g7
27.Bh2f4 Bh6xf4
28.exf4 Ra8g8
29.f5 g5
30.Rg2g4 Qd7f7
31.Qd3e3 Rg8e8
32.Qe3d3 Re8e7
33.Nf3xg5 Rg7xg5
34.Rg4xg5 fxg5
35.Rg1xg5 Qf7f6
36.Qd3d2 { time. }
0-1

[Event "Match"]
[Site "www.echecsemail.com"]
[Date "2017.03.13"]
[Round "1"]
[White "Roserl"]
[Black "Genius9"]
[WhiteElo "2120"]
[BlackElo "1610"]
[Result "1-0"]
[Round "1"]
1.e4 e6
2.d4 d5
3.e5 c5
4.c3 Nb8c6
5.Ng1f3 Bc8d7
6.dxc5 Bf8xc5
7.Bf1d3 Ng8e7
8.O-O Ne7g6
9.Rf1e1 O-O
10.Bc1g5 Bc5e7
11.Bg5xe7 Qd8xe7
12.Nb1a3 a6
13.Na3c2 Ra8c8
14.Nc2d4 Nc6xd4
15.cxd4 Rc8c7
16.Qd1d2 Rf8c8
17.Ra1c1 Rc7xc1
18.Re1xc1 Rc8xc1
19.Qd2xc1 h6
20.g3 Qe7d8
21.Qc1c2 Ng6e7
22.Qc2b3 b5
23.Qb3a3 Bd7c8
24.Nf3d2 Ne7c6
{ time. }
1-0

[Event "Match"]
[Site "www.echecsemail.com"]
[Date "2017.03.13"]
[Round "1"]
[White "Kazooie"]
[Black "Chessghuttlu"]
[WhiteElo "1780"]
[BlackElo "1449"]
[Result "1-0"]
[Round "1"]
1.c4 Ng8f6
2.d4 e6
3.Nb1c3 Bf8b4
4.Qd1c2 d5
5.e3 Nf6e4
6.Ng1e2 c5
7.Bc1d2 Ne4xd2
8.Qc2xd2 Nb8c6
9.dxc5  { time }
1-0

[Event "Match"]
[Site "www.echecsemail.com"]
[Date "2017.03.13"]
[Round "1"]
[White "Sozaro"]
[Black "Aiko1603"]
[WhiteElo "1699"]
[BlackElo "1990"]
[Result "1-0"]
[Round "1"]
1.d4 Ng8f6
2.Ng1f3 e6
3.Bc1f4 c5
4.e3 cxd4
5.exd4 d5
6.Nb1c3 Nb8c6
7.Nc3b5 Bf8b4
8.c3 Bb4a5
9.b4 Ba5b6
10.a4 a6
11.Nb5d6 Ke7
12.Bf1d3 Bb6c7
13.Nd6xc8 Ra8xc8
14.Bf4d2 h6
15.b5 Nc6b8
16.bxa6 bxa6
17.Qd1e2 Qd8d6
18.O-O Rh8e8
19.Nf3e5 Kf8
20.Rf1b1 Nf6g8
21.Qe2f3 Ng8f6
22.Bd2xh6 Nb8d7
23.Bh6f4 Nd7xe5
24.dxe5 { resign }
1-0

[Event "Match"]
[Site "www.echecsemail.com"]
[Date "2017.03.13"]
[Round "1"]
[White "Ditto"]
[Black "Sozaro"]
[WhiteElo "1640"]
[BlackElo "1699"]
[Result "0-1"]
[Round "1"]
1.e4 e5
2.Ng1f3 Nb8c6
3.Bf1b5 a6
4.Bb5a4 Ng8f6
5.d3 b5
6.Ba4b3 Bf8b4
7.c3 Bb4e7
8.Nf3g5 O-O
9.O-O { time. }
0-1

[Event "Match"]
[Site "www.echecsemail.com"]
[Date "2017.03.13"]
[Round "1"]
[White "Silent1"]
[Black "Pdebonis"]
[WhiteElo "1930"]
[BlackElo "2520"]
[Result "0-1"]
[Round "1"]
1.d4 Ng8f6
2.c4 e6
3.Nb1c3 Bf8b4
4.a3 Bb4xc3
5.bxc3 c5
6.e3 O-O
7.Bf1d3 Nb8c6
8.Ng1f3 d6
9.O-O e5
10.Qd1c2 Rf8e8
11.e4 exd4
12.cxd4 cxd4
13.Bc1d2 Bc8g4
14.Nf3e1 Nc6e5
15.f3 Bg4e6
16.Bd3e2 Ra8c8
17.Bd2f4 Nf6h5
18.Bf4xe5 dxe5
19.Qc2b3 Nh5f4
20.Rf1f2 Nf4xe2
21.Rf2xe2 Be6xc4
22.Qb3xb7 Bc4xe2
23.Qb7xa7 d3
24.Qa7f2 d2
25.Qf2xe2 Rc8c1
26.Ra1xc1 dxc1Q
{ resign }
0-1

[Event "Match"]
[Site "www.echecsemail.com"]
[Date "2017.03.13"]
[Round "1"]
[White "Hundegana"]
[Black "Forest"]
[WhiteElo "2030"]
[BlackElo "1760"]
[Result "0-1"]
[Round "1"]
1.f4 d5
2.d4 Ng8f6
3.Ng1f3 g6
4.g3 Bf8g7
5.Bf1g2 O-O
6.c3 Nf6e4
7.Nb1d2 Ne4xd2
8.Bc1xd2 Nb8c6
9.O-O Bc8f5
10.h3 Bf5e4
11.Nf3h2 Be4xg2
12.Kxg2 e6
13.Qd1c2 Nc6e7
14.g4 b6
15.Rf1f3 c5
16.f5 exf5
17.g5 cxd4
18.cxd4 Ra8c8
19.Qc2d3 Qd8c7
20.Bd2f4 Qc7c2
21.Qd3xc2 Rc8xc2
22.Rf3e3 Ne7c6
23.Bf4e5 Nc6xd4
24.Be5xd4 Bg7xd4
25.Re3e7 b5
26.Kf3 Rc2xb2
27.Ra1d1 Bd4c5
28.Rd1xd5 Bc5xe7
29.Rd5d7 Be7xg5
30.Rd7xa7 Rf8e8
31.Nh2f1 Rb2xe2
32.Ra7b7 Re2xa2
33.Rb7xb5 Re8e2
34.Rb5a5 Re2f2
35.Kg3 Rf2g2
36.Kf3 Ra2f2
{ resign }
0-1

[Event "Match"]
[Site "www.echecsemail.com"]
[Date "2017.03.13"]
[Round "1"]
[White "Chessghuttlu"]
[Black "Manuelito"]
[WhiteElo "1449"]
[BlackElo "1730"]
[Result "0-1"]
[Round "1"]
1.d4 d5
2.c4 Ng8f6
3.cxd5 Nf6xd5
4.e4 Nd5f6
5.Nb1c3 e6
6.a3 c6
7.Ng1f3 Bf8e7
8.Bf1c4 O-O
9.O-O Nb8d7
10.Bc1g5 h6
 { time }
0-1

[Event "Match"]
[Site "www.echecsemail.com"]
[Date "2017.03.13"]
[Round "1"]
[White "Caspito"]
[Black "Winston"]
[WhiteElo "1930"]
[BlackElo "1810"]
[Result "1/2-1/2"]
[Round "1"]
1.e4 e6
2.d4 d5
3.e5 c5
4.Bc1e3 Nb8c6
5.Bf1b5 Bc8d7
6.Ng1f3 Qd8a5
7.Nb1c3 c4
8.O-O Bf8b4
9.Be3d2 Bb4xc3
10.Bb5xc6 Bc3xd2
11.Bc6xd7 Kxd7
12.Qd1xd2 Qa5xd2
13.Nf3xd2 Ng8e7
14.Nd2f3 { draw }
1/2-1/2

[Event "1/128 Finale"]
[Site "www.chess-mail.com"]
[Date "2017.03.13"]
[Round "1"]
[White "Vgrynyuk"]
[Black "Chessghuttlu"]
[WhiteElo "1399"]
[BlackElo "1449"]
[Result "1-0"]
[Round "1"]
1.e4 c5
2.Ng1f3 Nb8c6
3.d4 cxd4
4.Nf3xd4 Ng8f6
5.Nb1c3 e5
6.Nd4b5 d6
7.Bc1g5 Bf8e7
8.Bg5xf6 gxf6
9.Nc3d5 Kf8
10.Qd1d2 h6
11.f4 a6
12.Nb5c3 Bc8e6
13.f5 Be6xd5
14.Nc3xd5 Ra8c8
15.c3 Qd8a5
16.b4 Qa5d8
17.Bf1e2 Nc6b8
18.a4 Nb8d7
19.a5  { time }
1-0

[Event "1/16 Finale"]
[Site "www.chess-mail.com"]
[Date "2017.03.13"]
[Round "1"]
[White "Jose"]
[Black "Asoka"]
[WhiteElo "2800"]
[BlackElo "2720"]
[Result "1/2-1/2"]
[Round "1"]
1.e4 e5
2.Ng1f3 Nb8c6
3.Bf1b5 a6
4.Bb5a4 Ng8f6
5.O-O b5
6.Ba4b3 Bf8e7
7.d4 d6
8.c3 O-O
9.h3 Bc8b7
10.Rf1e1 Rf8e8
11.Nb1d2 Be7f8
12.a3 h6
13.Bb3c2 Nc6b8
14.b3 Nb8d7
15.Bc1b2 c6
16.Bc2d3 Nf6h5
17.g3 Nh5f6
18.Qd1c2 Qd8c7
19.a4 Ra8d8
20.axb5 axb5
21.Kh2 d5
22.exd5 Nf6xd5
23.Nf3xe5 Nd7xe5
24.dxe5 Re8xe5
25.Re1xe5 Qc7xe5
26.Nd2f3 Qe5c7
27.Ra1e1 Bb7c8
28.Bd3h7 Kh8
29.Bh7e4 Bf8c5
30.c4 bxc4
31.bxc4 Qc7d7
32.Nf3g1 Nd5b6
33.Be4f3 Kg8
34.Re1d1 Qd7c7
35.Rd1xd8 Qc7xd8
36.Bf3xc6 Qd8d6
37.Bc6e4 Bc8e6
{ draw }
1/2-1/2

[Event "Tourn. n9211"]
[Site "www.chess-mail.com"]
[Date "2017.03.14"]
[Round "1"]
[White "Mdesouza"]
[Black "Pdebonis"]
[WhiteElo "2330"]
[BlackElo "2280"]
[Result "0-1"]
[Round "1"]
1.e4 c5
2.Ng1f3 Nb8c6
3.d4 cxd4
4.Nf3xd4 Ng8f6
5.Nb1c3 d6
6.Bf1e2 g6
7.Bc1e3 Bf8g7
8.O-O O-O
9.Nd4b3 Bc8e6
10.f4 Qd8c8
11.Kh1 Rf8d8
12.Be3g1 d5
13.e5 Nf6e4
14.Nc3xe4 dxe4
15.Qd1e1 f5
16.Qe1c3 Be6f7
17.Be2c4 Nc6xe5
18.Bc4xf7 Ne5xf7
19.Qc3xc8 Ra8xc8
20.c3 b6
21.Ra1d1 e5
22.fxe5 Rd8xd1
23.Rf1xd1 Nf7xe5
24.Bg1d4 Ne5d3
25.Rd1d2 Bg7h6
26.Rd2e2 Kf7
27.a4 Rc8c4
28.a5 bxa5
29.Nb3xa5 Rc4a4
30.b4 Ra4a1
31.Bd4g1 Bh6e3
{ resign }
0-1

[Event "Tourn. n9279"]
[Site "www.chess-mail.com"]
[Date "2017.03.14"]
[Round "1"]
[White "Scasan55"]
[Black "Winston"]
[WhiteElo "1870"]
[BlackElo "1810"]
[Result "1-0"]
[Round "1"]
1.e4 e6
2.d4 d5
3.e5 c5
4.c3 Nb8c6
5.Ng1f3 Qd8b6
6.Bf1d3 cxd4
7.cxd4 Nc6xd4
8.Nf3xd4 Qb6xd4
9.Bd3b5 { resign }
1-0

[Event "Tourn. n9277"]
[Site "www.chess-mail.com"]
[Date "2017.03.14"]
[Round "1"]
[White "Mrjordan"]
[Black "Lachouette"]
[WhiteElo "1499"]
[BlackElo "1380"]
[Result "0-1"]
[Round "1"]
1.h3 d5
2.d4 c5
3.Ng1f3 e6
4.e3 c4
5.c3 Ng8f6
6.g4 Nf6e4
7.Nb1d2 Ne4xd2
8.Bc1xd2 a6
9.b3 b5
10.bxc4 bxc4
11.Nf3e5 Bf8d6
12.Rh1g1 f6
{ resign }
0-1

[Event "Tourn. n9225"]
[Site "www.chess-mail.com"]
[Date "2017.03.14"]
[Round "1"]
[White "Redapond1"]
[Black "Autmich"]
[WhiteElo "1690"]
[BlackElo "1680"]
[Result "0-1"]
[Round "1"]
1.d4 Ng8f6
2.Bc1f4 d5
3.Nb1c3 a6
4.e3 e6
5.Bf1d3 c5
6.Ng1f3 Nb8c6
7.O-O Bf8e7
8.e4 dxe4
9.Bd3xe4 Nf6xe4
10.Nc3xe4 cxd4
11.Bf4e5 Nc6xe5
12.Nf3xe5 Qd8d5
13.Ne5xf7 Kxf7
14.Qd1f3 Qd5f5
15.Qf3xf5 exf5
16.Ne4d2 Rh8e8
17.Rf1e1 Be7g5
18.Nd2f3 Bg5f6
19.Re1d1 Re8d8
20.h3 Bc8e6
21.Rd1d2 Ra8c8
22.Ra1d1 b5
23.b3 Rc8c3
24.Nf3xd4 Bf6xd4
25.Rd2xd4 Rd8xd4
26.Rd1xd4 Rc3xc2
27.a4 Be6xb3
28.axb5 axb5
{ resign }
0-1